| 000 | 00857nam a22001817a 4500 | ||
|---|---|---|---|
| 005 | 20120213124132.0 | ||
| 020 |
_c600.00 _a8188134155 |
||
| 035 | _aB-136986 | ||
| 037 |
_b _adpl |
||
| 082 | _a181.45 | ||
| 100 |
_aयोगार्थी, प्रमोद _941738 |
||
| 245 | 1 |
_aउद्धव गीता में भक्तियोग दर्शन / _cप्रमोद योगार्थी |
|
| 260 |
_aनई दिल्ली _bसत्यम पब्लिशिंग हाउस _c2005 |
||
| 270 |
_a _b _e _k |
||
| 300 |
_a400पृ. _c22सेमी (सजिल्द) |
||
| 942 |
_adpl _cHN _k _2ddc _h181.45 _mयोगार्थी |
||
| 999 |
_c62621 _d62621 |
||